| 000 | 00642nam a22002057a 4500 | ||
|---|---|---|---|
| 999 |
_c7882 _d7882 |
||
| 003 | OSt | ||
| 005 | 20240319125636.0 | ||
| 008 | 190529e201812 spca |00 0bcat|d | ||
| 020 | _a9788413035215 | ||
| 040 |
_aCDMR _bcat _cCDMR |
||
| 100 | 0 |
_aKap _91346 |
|
| 245 | 1 | 0 |
_aShum _b: el dibuixant de les mans trencades / _cJaume Capdevila & KAP |
| 260 |
_aLleida : _bPagès editors, _c2024 |
||
| 300 |
_a141 p. : _bprincipalment il·lustrades |
||
| 490 | _aDoble tinta | ||
| 600 | 0 | 4 |
_aShum, _d1897-1967 |
| 650 | 0 | 7 |
_aHumorisme gràfic _xHistòria _2lemac _93162 _zCatalunya |
| 650 | 0 | 7 |
_aDibuixants _xHistòria _2lemac _93384 _zCatalunya |
| 942 |
_cMON _2udc |
||